000 00875nam a2200133Ia 4500
008 171212s9999 xx 000 0 und d
020 _a9780833045546
100 _aWehrey, Frederic;Thaler, David E.;Bensahel, Nora;Kim Cragin, ;Jerrold D. Green, ;Jerrold D. Green,
245 _cWehrey, Frederic;Thaler, David E.;Bensahel, Nora;Kim Cragin, ;Jerrold D. Green, ;Jerrold D. Green,
_aDangerous But Not Omnipotent
_bExploring the Reach and Limitations of Iranian Power in the Middle East
260 _bRAND Corporation
_c2009
650 _aPolitical Science
650 _aUnited States -- Foreign relations -- Iran; Iran -- Foreign relations -- United States; Iran -- Politics and government -- 1997–; Iran -- Military policy; Political culture -- Iran; State-sponsored terrorism -- Iran; Terrorism -- Middle East; Weapons of m
856 _uwww.jstor.org/stable/10.7249/mg781af
999 _c351920
_d351920